00774 2200277 4500001002100000005001700021008004100038020001800079035002400097082001000121090001700131100002000148245010600168250001100274260003100285300001900316440003300335500003100368500001100399650002000410850001500430980001500445985000600460999001500466999001500481YOGYA-0209000002249420090227023641.0 ind  a979-497-677-6 0010-020900000022494 a338.6 a338.6bKer P aKERAF, A. Sonny aPasar bebas keadilan & peran pemerintahbtelaah atas etika politik ekonomi Adam SmithcA. Sonny Keraf aCet. 1 aYogyakartabkanisiusc1996 a311 hlmc21 cm aSeri Filsafat Atma Jaya : 17 aBibliografi : hlm. 285-306 aIndeks aPolitik ekonomi aYOPDYOG(b) a01-19-2007 a2 a06A0017258 a06A0017259